000 00535nam a2200169Ia 4500
008 090711s9999 xx 000 0 und d
082 _b53086
100 _aदिघे प्रभाकर तुकाजी
245 _aएन्काउंटर
260 _c1985
300 _a70
600 _aदिघे प्रभाकर तुकाजी
630 _aएन्काउंटर
700 _aदिघे प्रभाकर तुकाजी
730 _aएन्काउंटर
942 _cBOOK
999 _c302092
_d302092